Linux For You (2004 - (Record no. 214541)
[ view plain ]
| 000 -LEADER | |
|---|---|
| fixed length control field | 00723nam a2200145Ia 4500 |
| 008 - FIXED-LENGTH DATA ELEMENTS--GENERAL INFORMATION | |
| fixed length control field | 231221s9999 xx 000 0 und d |
| 041 ## - LANGUAGE CODE | |
| Language code of text/sound track or separate title | English |
| 245 #0 - TITLE STATEMENT | |
| Title | Linux For You (2004 - |
| 260 ## - PUBLICATION, DISTRIBUTION, ETC. | |
| Date of publication, distribution, etc. | Oct, 2011 |
| Name of publisher, distributor, etc. | EFYGroup |
| 300 ## - PHYSICAL DESCRIPTION | |
| Dimensions | JN24382 |
| 510 ## - CITATION/REFERENCES NOTE | |
| Name of source | DVD : Mandriva 2011. Code named hydrogen, mandriva 2011 is the latest desktop edition of the popular Linux distribution. This is a FREE live-DVD for x86-32 and x86-64 architectures. Openindiana - Openindiana is a robust enterprise operating system, based on the illumos kernel. It is an open source, free to use, community-developed distro, suitable for servers and desktops. |
| 650 ## - SUBJECT ADDED ENTRY--TOPICAL TERM | |
| Topical term or geographic name entry element | Computer Science |
| 650 ## - SUBJECT ADDED ENTRY--TOPICAL TERM | |
| Topical term or geographic name entry element | Linux,(2004,-,Computer Science |
| 942 ## - ADDED ENTRY ELEMENTS (KOHA) | |
| Koha item type | Compact Disks |
| Date last seen | Total checkouts | Accession number | Volume/Issue Number | Price effective from | Category | Lost status | Damaged status | Department | Withdrawn status | Home library | Current library | Shelving location | Entry date | Vendor | Grants | Billdate | Currency symbol | Conversion rate | Discount | Old discount |
|---|---|---|---|---|---|---|---|---|---|---|---|---|---|---|---|---|---|---|---|---|
| 26/01/2024 | CD5725 | 9(8) | 26/01/2024 | Compact Disks | Central Library | Central Library | Central Library | Surya Infotainment Products Pvt. Ltd. | CS | 21/02/2017 | RS | 1 |
